000 00298nam a22001337a 4500
008 170825b xxu||||| |||| 00| 0 eng d
020 _a0673487229
041 _aeng
080 _a070
100 _a39
101 _aMED
245 _aPRINCIOLES SEECH COMUNICATION
_cMONROE.E
942 _2udc
_cBK
999 _c25018
_d25018